000 00518nam a22001937a 4500
005 20260514113459.0
010 _aENG-148471
020 _a9789392210426
_c595.00
035 _aEN-132003
037 _bDBAD
082 _aS
_21
100 _aTe Lawrence
_989091
245 _aRevolt in the Desert/
_cTe Lawrence
250 _a1
260 _aChandigarh
_bThe Browser
_c2024
270 _bChandigarh
_aSCO 14-15, Sector 8-C
_e160009
_mservice@thebrowser.org
300 _a409p.
_c21cm(pb)
942 _2ddc
_cEN
_hS
_mLAW
999 _c216176
_d216176